<?xml version="1.0" encoding="UTF-8"?>
<record
    xmlns:xsi="http://www.w3.org/2001/XMLSchema-instance"
    xsi:schemaLocation="http://www.loc.gov/MARC21/slim http://www.loc.gov/standards/marcxml/schema/MARC21slim.xsd"
    xmlns="http://www.loc.gov/MARC21/slim">

  <leader>00616nam a2200193   4500</leader>
  <controlfield tag="005">20150330110045.0</controlfield>
  <controlfield tag="007">000</controlfield>
  <controlfield tag="008">000</controlfield>
  <datafield tag="020" ind1=" " ind2=" ">
    <subfield code="a">9966896112</subfield>
  </datafield>
  <datafield tag="040" ind1=" " ind2=" ">
    <subfield code="a">UOEL</subfield>
  </datafield>
  <datafield tag="050" ind1=" " ind2=" ">
    <subfield code="a">S494.5.A45</subfield>
    <subfield code="b">T4 1993</subfield>
  </datafield>
  <datafield tag="100" ind1=" " ind2=" ">
    <subfield code="a">Tengnas, Bo.</subfield>
  </datafield>
  <datafield tag="245" ind1=" " ind2=" ">
    <subfield code="a">Guidelines on Agroforestry Extension Planning in Kenya /</subfield>
    <subfield code="c">[by] Bo Tengnas.</subfield>
  </datafield>
  <datafield tag="260" ind1=" " ind2=" ">
    <subfield code="a">Nairobi :</subfield>
    <subfield code="b">Regional Soil Conservation Unit , Swedish International Development Authority,</subfield>
    <subfield code="c">c1993</subfield>
  </datafield>
  <datafield tag="300" ind1=" " ind2=" ">
    <subfield code="a">xi,71 p, :</subfield>
    <subfield code="b">ill,.</subfield>
  </datafield>
  <datafield tag="440" ind1=" " ind2=" ">
    <subfield code="a">Regional Soil Conservation Unit,(RSCU), Technical Handbook Series</subfield>
    <subfield code="v">3</subfield>
  </datafield>
  <datafield tag="650" ind1=" " ind2=" ">
    <subfield code="a">Agroforestry</subfield>
    <subfield code="x">Agriculture</subfield>
  </datafield>
  <datafield tag="942" ind1=" " ind2=" ">
    <subfield code="2">lcc</subfield>
    <subfield code="c">LL</subfield>
  </datafield>
  <datafield tag="999" ind1=" " ind2=" ">
    <subfield code="c">3393</subfield>
    <subfield code="d">3393</subfield>
  </datafield>
  <datafield tag="952" ind1=" " ind2=" ">
    <subfield code="0">0</subfield>
    <subfield code="1">0</subfield>
    <subfield code="2">lcc</subfield>
    <subfield code="4">0</subfield>
    <subfield code="7">0</subfield>
    <subfield code="a">UOE</subfield>
    <subfield code="b">UOE</subfield>
    <subfield code="c">GEN</subfield>
    <subfield code="d">2015-03-30</subfield>
    <subfield code="l">0</subfield>
    <subfield code="o">S494.5.A45 T4 1993</subfield>
    <subfield code="p">20145618</subfield>
    <subfield code="r">2026-04-27 11:58:55</subfield>
    <subfield code="t">20145618</subfield>
    <subfield code="w">2015-03-30</subfield>
    <subfield code="y">LL</subfield>
  </datafield>
  <datafield tag="952" ind1=" " ind2=" ">
    <subfield code="0">0</subfield>
    <subfield code="1">0</subfield>
    <subfield code="2">lcc</subfield>
    <subfield code="4">0</subfield>
    <subfield code="7">0</subfield>
    <subfield code="a">UOE</subfield>
    <subfield code="b">UOE</subfield>
    <subfield code="c">GEN</subfield>
    <subfield code="d">2017-08-24</subfield>
    <subfield code="l">0</subfield>
    <subfield code="o">S494.5.A45 T4 1993</subfield>
    <subfield code="p">10036942</subfield>
    <subfield code="r">2026-04-27 11:58:54</subfield>
    <subfield code="t">10036942</subfield>
    <subfield code="w">2017-08-24</subfield>
    <subfield code="y">SBK</subfield>
  </datafield>
</record>
